[Event "Czech Fed-ch U12"]
[Site "Hrdonov"]
[Date "2013.10.26"]
[Round "1"]
[White "Srba, Stanislav"]
[Black "Jelinek, Lukas"]
[Result "1-0"]
[WhiteElo "1609"]
[BlackElo "1690"]
[PlyCount "103"]
[EventDate "2013.10.26"]
[EventType "swiss"]
[EventRounds "9"]
[EventCountry "CZE"]
[SourceTitle "EXT 2016"]
[Source "ChessBase"]
[SourceDate "2015.10.08"]
[SourceVersion "1"]
[SourceVersionDate "2015.10.08"]
[SourceQuality "1"]

1. d4 d5 2. c4 e6 3. Nf3 Nf6 4. Bg5 c6 5. e3 Be7 6. Nc3 0-0 7. Bd3 b6 8. Rc1 c5 9. cxd5 exd5 10. Bxf6 Bxf6 11. dxc5 bxc5 12. 0-0 c4 13. Bb1 Be6 14. Qc2 g6 15. Rfd1 Nc6 16. a3 Rb8 17. Ba2 Re8 18. Bxc4 Bxc3 19. Qxc3 Re7 20. Ba2 Rd7 21. Qxc6 Rxb2 22. Rc2 Rxc2 23. Qxc2 Bf5 24. Qd2 Be6 25. Nd4 Kg7 26. Nxe6+ fxe6 27. Qd4+ Kg8 28. h3 Kf7 29. e4 Ke7 30. exd5 exd5 31. Qg7+ Kd6 32. Rxd5+ Kc7 33. Rxd7+ Qxd7 34. Qxd7+ Kxd7 35. f3 Kd6 36. Kf2 Ke5 37. Ke3 Kf5 38. h4 g5 39. g4+ Kg6 40. Bb1+ Kh6 41. hxg5+ Kxg5 42. Bxh7 Kh6 43. Bd3 Kg7 44. Ke4 Kf7 45. Kf5 Ke7 46. g5 Kf7 47. g6+ Kg7 48. a4 a6 49. Bxa6 Kg8 50. Bc4+ Kf8 51. Bg8 Kxg8 52. Ke6 1-0

[Event "Kouty nad Desnou op-B"]
[Site "Kouty nad Desnou"]
[Date "2011.03.15"]
[Round "5"]
[White "Jelinek, Lukas"]
[Black "Melzer, Petr"]
[Result "1/2-1/2"]
[WhiteElo "1620"]
[BlackElo "1713"]
[PlyCount "83"]
[EventDate "2011.03.12"]
[EventType "swiss"]
[EventRounds "9"]
[EventCountry "CZE"]
[SourceTitle "EXT 2014"]
[Source "ChessBase"]
[SourceDate "2013.11.20"]
[SourceVersion "1"]
[SourceVersionDate "2013.11.20"]
[SourceQuality "1"]

1. c4 c6 2. Nc3 Nf6 3. g3 e6 4. Bg2 d5 5. cxd5 exd5 6. d4 Bf5 7. Nf3 Bb4 8. 0-0 Bxc3 9. bxc3 Nbd7 10. Ba3 Be4 11. Qb3 Qb6 12. Nd2 Qxb3 13. axb3 Bxg2 14. Kxg2 Ne4 15. Nxe4 dxe4 16. Rfd1 Nf6 17. c4 a6 18. Rd2 Kd7 19. Bb2 Rhe8 20. e3 Re6 21. d5 cxd5 22. Bxf6 Rxf6 23. Rxd5+ Rd6 24. Rad1 Rxd5 25. Rxd5+ Ke6 26. f4 exf3+ 27. Kxf3 b5 28. Rd4 bxc4 29. Rxc4 Rd8 30. Re4+ Kf6 31. Kf4 Rd5 32. g4 g5+ 33. Kf3 a5 34. h3 Kg6 35. Rc4 Rb5 36. Rc6+ f6 37. Ra6 Rxb3 38. Rxa5 Rb1 39. Rd5 Rh1 40. Kg2 Re1 41. Kf2 Rh1 42. Kg2 1/2-1/2

[Event "Kouty nad Desnou op-B"]
[Site "Kouty nad Desnou"]
[Date "2010.03.08"]
[Round "4"]
[White "Jelinek, Lukas"]
[Black "Kocandova, Martina"]
[Result "0-1"]
[WhiteElo "1571"]
[BlackElo "1761"]
[PlyCount "36"]
[EventDate "2010.03.06"]
[EventType "swiss"]
[EventRounds "9"]
[EventCountry "CZE"]
[SourceTitle "EXT 2012"]
[Source "ChessBase"]
[SourceDate "2011.11.24"]
[SourceVersion "1"]
[SourceVersionDate "2011.11.24"]
[SourceQuality "1"]

1. c4 e6 2. Nc3 d5 3. cxd5 exd5 4. g3 Nf6 5. Bg2 Bf5 6. Qb3 Nc6 7. Nxd5 Nxd5 8. Bxd5 Nd4 9. Qe3+ Be6 10. Qxd4 Qxd5 11. Qxd5 Bxd5 12. f3 Bc5 13. e4 Bc6 14. Ne2 0-0-0 15. b3 f5 16. exf5 Rhe8 17. Kd1 Bxf3 18. Re1 Bf2 0-1

[Event "Kouty nad Desnou op-B"]
[Site "Kouty nad Desnou"]
[Date "2010.03.08"]
[Round "3"]
[White "Luzik, Libor"]
[Black "Jelinek, Lukas"]
[Result "1-0"]
[WhiteElo "1686"]
[BlackElo "1571"]
[PlyCount "73"]
[EventDate "2010.03.06"]
[EventType "swiss"]
[EventRounds "9"]
[EventCountry "CZE"]
[SourceTitle "EXT 2012"]
[Source "ChessBase"]
[SourceDate "2011.11.24"]
[SourceVersion "1"]
[SourceVersionDate "2011.11.24"]
[SourceQuality "1"]

1. e4 c5 2. Nf3 d6 3. Nc3 Nf6 4. Bb5+ Nbd7 5. d3 g6 6. Bd2 Bg7 7. Qe2 a6 8. Bc4 b5 9. Bb3 Bb7 10. Ng5 e6 11. Bxe6 fxe6 12. Nxe6 Qe7 13. Nc7+ Kf7 14. Nxa8 Rxa8 15. 0-0 d5 16. exd5 Qxe2 17. Nxe2 Nxd5 18. c3 Re8 19. Rae1 Ne5 20. Nc1 a5 21. a3 a4 22. f4 Ng4 23. Rxe8 Kxe8 24. h3 Nh6 25. g4 Bc8 26. Ne2 Nf7 27. Ng3 h6 28. f5 g5 29. Ne4 Bf8 30. Re1 Kd8 31. c4 bxc4 32. dxc4 Nb6 33. Ba5 Kc7 34. Nf6 Kc6 35. Bxb6 Kxb6 36. Nd5+ Kc6 37. Re8 1-0

[Event "CZE Czechia-ch U16"]
[Site "Harrachov"]
[Date "2009.10.29"]
[Round "7"]
[White "Vachal, Pavel"]
[Black "Jelinek, Lukas"]
[Result "1-0"]
[WhiteElo "1833"]
[BlackElo "1527"]
[PlyCount "55"]
[EventDate "2009.10.24"]
[EventType "swiss"]
[EventRounds "9"]
[EventCountry "CZE"]
[SourceTitle "EXT 2012"]
[Source "ChessBase"]
[SourceDate "2011.11.24"]
[SourceVersion "1"]
[SourceVersionDate "2011.11.24"]
[SourceQuality "1"]

1. e4 c5 2. Nf3 d6 3. d4 cxd4 4. Nxd4 Nf6 5. Nc3 g6 6. Be3 Bg7 7. Be2 0-0 8. 0-0 Bd7 9. h3 Nc6 10. Qd2 Re8 11. f4 Qc8 12. Rad1 a6 13. a3 b5 14. g4 h5 15. g5 Nh7 16. h4 Bg4 17. Nxc6 Qxc6 18. Bxg4 hxg4 19. Bd4 Bxd4+ 20. Qxd4 Rac8 21. Rf2 Qc5 22. Qxc5 Rxc5 23. Kg2 f5 24. exf5 gxf5 25. Re2 Nf8 26. Nd5 Kf7 27. h5 Ne6 28. g6+ 1-0

[Event "CZE-ch U14"]
[Site "Sec u Chrudimi"]
[Date "2008.10.29"]
[Round "6"]
[White "Jelinek, Lukas"]
[Black "Vanicek, Vojtech"]
[Result "1/2-1/2"]
[WhiteElo "1466"]
[BlackElo "1564"]
[PlyCount "41"]
[EventDate "2008.10.25"]
[EventType "swiss"]
[EventRounds "9"]
[EventCountry "CZE"]
[SourceTitle "EXT 2022"]
[Source "ChessBase"]
[SourceDate "2021.10.06"]
[SourceVersion "1"]
[SourceVersionDate "2021.10.06"]
[SourceQuality "1"]

1. e4 c5 2. Nc3 Nc6 3. Bc4 e6 4. d3 Nf6 5. Bg5 Be7 6. Bxf6 Bxf6 7. Nge2 0-0 8. Bb3 Nd4 9. Nxd4 Bxd4 10. 0-0 a6 11. Rb1 b5 12. Ne2 Bf6 13. c3 d5 14. exd5 exd5 15. d4 c4 16. Bc2 Qd6 17. Qd2 Re8 18. Qf4 Qe7 19. Rfe1 Bg5 20. Qf3 Qd6 21. Ng3 1/2-1/2